Out in art /
Guardat en:
| Altres autors: | , , , , , |
|---|---|
| Format: | Llibre |
| Idioma: | anglès francès alemany |
| Publicat: |
London
Gay Men's Press
1986
|
| Etiquetes: |
Sense etiquetes, Sigues el primer a etiquetar aquest registre!
|
MARC
| LEADER | 00000nam a2200000 4500 | ||
|---|---|---|---|
| 001 | CDOM0000001736 | ||
| 003 | mi | ||
| 005 | 20251016134237.0 | ||
| 008 | 251016b |||||||| |||| 00| 0 eng d | ||
| 020 | |a 0854490272 | ||
| 020 | |a 9780854490271 | ||
| 040 | |c mi | ||
| 041 | |a fre |a eng |a ger | ||
| 245 | 1 | |a Out in art / |c Works by Christopher Brown, Chris Corr, Norman, Richard Royle, Graham Ward ; introduced by Nick Stanley | |
| 260 | |a London |b Gay Men's Press |c 1986 | ||
| 300 | |a 62 p. |c ill. (alcune col.) |c 20x20 cm. | ||
| 500 | |a Opere di: Christopher Brown, Chris Corr, Norman, Richard royle, Graham Ward. - Comprende indice. | ||
| 700 | |a Corr, Chris | ||
| 700 | |a Royle, Richard | ||
| 700 | |a Ward, Graham | ||
| 700 | |a Norman | ||
| 700 | |a Stanley, Nick | ||
| 700 | |a Brown, Christopher | ||
| 942 | |2 ddc |c BK | ||
| 952 | |0 0 |1 0 |2 ddc |4 0 |6 B_APT02BROCHOUT11 |7 0 |9 8440 |a MI |b MI |d 1988-01-09 |i 1522 |l 0 |o B-APT02-BROCH-OUT11 |p CDOM1522 |r 2025-07-17 21:50:00 |w 2025-07-17 |x DONO |y BK | ||
| 999 | |c 7024 |d 7024 | ||